Towards freedom : (Record no. 81321)

MARC details
000 -LEADER
fixed length control field 01025nam a22002657a 4500
005 - DATE AND TIME OF LATEST TRANSACTION
control field 20140109120310.0
010 ## - LCCN (DPL NO)
LC control number ENG-108972
020 ## - INTERNATIONAL STANDARD BOOK NUMBER
International Standard Book Number 9780198083979
Terms of availability 5495.00
020 ## - INTERNATIONAL STANDARD BOOK NUMBER
International Standard Book Number 0198083971
Terms of availability 5495.00
035 ## - SYSTEM CONTROL NUMBER
System control number EN-92505
037 ## - SOURCE OF ACQUISITION
Source of stock number/acquisition DBAD/PUB
082 ## - DEWEY DECIMAL CLASSIFICATION NUMBER
Classification number 954.0359
245 ## - TITLE STATEMENT
Title Towards freedom :
Statement of responsibility, etc edited by Sucheta Mahajan with a preface by the general editor Sabyasachi Bhattacharya.
Remainder of title documents on the movement for independence in India 1947 /
246 ## - VARYING FORM OF TITLE
Title proper/short title Documents on the movement for independence in India, 1947
260 ## - PUBLICATION, DISTRIBUTION, ETC. (IMPRINT)
Place of publication, distribution, etc New Delhi
Name of publisher, distributor, etc Oxford University Press
Date of publication, distribution, etc 2013
270 ## - ADDRESS
Address YMCA Library Building, 1 Jai Singh Road
City New Delhi
Postal code 110001
300 ## - PHYSICAL DESCRIPTION
Extent Pt.1(clv,1318p.)
Dimensions 29cm(Hb)
500 ## - GENERAL NOTE
General note "Indian Council of Historical Research."
500 ## - GENERAL NOTE
General note Includes index
650 ## - SUBJECT ADDED ENTRY--TOPICAL TERM
Topical term or geographic name as entry element Nationalism
Geographic subdivision India
Form subdivision Sources
General subdivision History
700 ## - ADDED ENTRY--PERSONAL NAME
Personal name Mahajan, Sucheta
700 ## - ADDED ENTRY--PERSONAL NAME
Personal name Sabysachi, Bhattacharya
710 ## - ADDED ENTRY--CORPORATE NAME
Corporate name or jurisdiction name as entry element Indian Council of Historical Research.
942 ## - ADDED ENTRY ELEMENTS (KOHA)
Source of classification or shelving scheme Dewey Decimal Classification
Item type English Books
Call number suffix TOW
Classification part 954.0359
Holdings
Withdrawn status Lost status Not for loan Collection code Home library Current library Date acquired Source of acquisition Cost, normal purchase price Full call number Barcode Copy number Cost, replacement price Koha item type
    Not For Loan Non-fiction D.B.Act.Division D.B.Act.Division 19/12/2013 DBAD/PUB 5495.00 954.0359 TOW EN-92505 1 5495.00 English Books

© Delhi Public Library
Hit Counter
free hit counter